Statistics for Four Letter American Geography

Click here to take the quiz!

General Stats

  • This quiz has been taken 516 times
  • The average score is 17 of 24

Answer Stats

ClueAnswer% Correct
Primary country of the Inca EmpirePeru
99%
State of the MormonsUtah
98%
Largest island in the Caribbean SeaCuba
97%
One of the Great LakesErie
96%
Capital of the aboveLima
96%
Des Moines is the capital of this U.S. stateIowa
94%
Home state to eight U.S. presidentsOhio
91%
Honolulu's islandOahu
89%
Texas is this type of "star"Lone
88%
New Haven UniversityYale
88%
Currency of UruguayPeso
85%
Folded tortilla with fillingsTaco
82%
California wine valleyNapa
81%
Washington is the #1 producer of
this beer ingredient
Hops
72%
Mountain on Baffin island with the
namesake of the Norse thunder god
Thor
71%
"The Biggest Little City in the World"Reno
63%
Term for a "table-shaped" hill of
the western U.S.
Mesa
62%
Mountain range in Central America named
for a native civilization
Maya
45%
Most populous city in western ColombiaCali
44%
Currency of BrazilReal
44%
Statues of Easter IslandMoai
39%
Name of the southernmost cape of
Tierra del Fuego
Horn
38%
Second-biggest city in NicaraguaLeón
14%
Second-largest Brazilian statePará
13%

Score Distribution

Percentile by Number Answered

Percent of People with Each Score

Your Score History

You have not taken this quiz